From Hegel to Marx : Studies in the intellectual development of Karl Marx
In this brilliant work, first published in 1936, Sydney Hook seeks to resolve one of the classic problems of European intellectual history: how the political radicalism and philosophical materialism of Karl Marx issued from the mystical and conservative intellectual system of G.W.F. Hegel.
Shranjeno v:
| Glavni avtor: | |
|---|---|
| Format: | Knjiga |
| Jezik: | Undetermined |
| Izdano: |
[Ann Arbor]
The University of Michigan Press
1962
|
| Teme: | |
| Oznake: |
Označite
Brez oznak, prvi označite!
|
| Thư viện lưu trữ: | Trung tâm Học liệu Trường Đại học Cần Thơ |
|---|
| LEADER | 00894nam a2200205Ia 4500 | ||
|---|---|---|---|
| 001 | CTU_222072 | ||
| 008 | 210402s9999 xx 000 0 und d | ||
| 082 | |a 335.4092 | ||
| 082 | |b H781 | ||
| 100 | |a Hook, Sidney | ||
| 245 | 0 | |a From Hegel to Marx : | |
| 245 | 0 | |b Studies in the intellectual development of Karl Marx | |
| 245 | 0 | |c Sidney Hook | |
| 260 | |a [Ann Arbor] | ||
| 260 | |b The University of Michigan Press | ||
| 260 | |c 1962 | ||
| 520 | |a In this brilliant work, first published in 1936, Sydney Hook seeks to resolve one of the classic problems of European intellectual history: how the political radicalism and philosophical materialism of Karl Marx issued from the mystical and conservative intellectual system of G.W.F. Hegel. | ||
| 650 | |a Marx, Karl, 1818-1883,Các Mác | ||
| 904 | |i Nguyễn An Khang,Hải | ||
| 980 | |a Trung tâm Học liệu Trường Đại học Cần Thơ | ||